[Event "Xtracon Chess Open 2018"]
[Site "Elsinore"]
[Date "2018.07.22"]
[Round "3"]
[White "Degerfeldt, Sven"]
[Black "Roseneck, Jonas"]
[Result "0-1"]
[WhiteElo "1902"]
[BlackElo "2182"]
[EventDate "2018.07.21"]
[WhiteFideId "1717430"]
[BlackFideId "12939870"]

1.d4 Nf6 2.Nf3 d5 3.Bf4 c5 4.e3 Nc6 5.c3 Qb6 6.Qc1 Bf5 7.Nbd2 cxd4 8.exd4 
Rc8 9.a3 e6 10.Be2 Be7 11.O-O O-O 12.b4 h6 13.Qb2 Qd8 14.h3 Ne4 15.Nxe4 
Bxe4 16.Nd2 Bg6 17.Nb3 Bd6 18.Qd2 Ne7 19.Rac1 Nf5 20.c4 dxc4 21.Bxc4 Bxf4 
22.Qxf4 Qd6 23.Qd2 Ne7 24.Rfe1 b6 25.Ba6 Rxc1 26.Rxc1 Rd8 27.Qc3 Nd5 28.
Qf3 Kf8 29.Bd3 Bxd3 30.Qxd3 Ke7 31.g3 Rd7 32.Qh7 Nf6 33.Qxg7 Qd5 34.Rc3 
Qh5 35.Kg2 Ne4 36.g4 Qd5 37.Rf3 Ng5 38.Qf6+ Ke8 39.Qh8+ Ke7 40.Qf6+ Kd6 
41.Qe5+ Qxe5 42.dxe5+ Kxe5 43.Re3+ Kf6 44.f4 Nh7 45.Kf3 Nf8 46.Nc1 Rd1 47.
Nd3 Ng6 48.Ke4 Ne7 49.Rf3 Nd5 50.Kd4 Ra1 51.f5 Ke7 52.fxe6 fxe6 53.Ne5 
Rd1+ 54.Rd3 Rf1 55.Kc4 Kd6 56.Nf3 a6 57.Nd2 b5+ 58.Kb3 Rf4 59.Nb1 Rc4 60.
Nd2 Rf4 61.Nb1 Ke5 62.Nd2 Rf2 63.Kc2 Kf4 64.Kd1 Rg2 65.Rf3+ Ke5 66.Kc2 Rh2
67.Kd3 Nf4+ 68.Kc2 Rxh3 69.Rxh3 Nxh3 70.Nb3 Nf2 71.Nc5 Nxg4 72.Kd3 h5 73.
Ke2 Kd5 74.Nxa6 e5 75.Nc7+ Kc4 76.Kf3 Kd3 77.Nxb5 e4+ 78.Kg3 e3 79.Kf3 e2 
80.Nc3 e1=Q 0-1

[Event "Xtracon Chess Open 2018"]
[Site "Elsinore"]
[Date "2018.07.22"]
[Round "3"]
[White "Andersen, Morten"]
[Black "Damm-Frydenberg, Anders"]
[Result "1-0"]
[WhiteElo "2174"]
[BlackElo "1909"]
[EventDate "2018.07.21"]
[WhiteFideId "1504908"]
[BlackFideId "1462970"]

1.e4 e5 2.Nf3 Nc6 3.Bb5 a6 4.Ba4 Nf6 5.d3 b5 6.Bb3 h6 7.O-O Bc5 8.c3 d6 9.
d4 Bb6 10.h3 O-O 11.Re1 Bb7 12.a4 Re8 13.d5 Ne7 14.Be3 Nd7 15.Na3 bxa4 16.
Bxa4 Rf8 17.Nc4 Bxe3 18.Rxe3 a5 19.Bxd7 Qxd7 20.Nxa5 Bc8 21.b4 f5 22.exf5 
Nxf5 23.Re4 Qf7 24.c4 Ne7 25.Ra3 Ng6 26.Qe1 Nf4 27.Kh2 Qh5 28.Ng1 g5 29.
Rg3 Kh8 30.Ne2 Bf5 31.Ree3 g4 32.Ng1 Rg8 33.Rxe5 dxe5 34.Qxe5+ Rg7 35.Qxf4
Rag8 36.Nc6 gxh3 37.gxh3 Kh7 38.Nd4 Bd7 39.Qe4+ Kh8 40.Ne6 Bxe6 41.Qxe6 
Rg6 42.Qe4 Rxg3 43.fxg3 Qg6 44.Qxg6 Rxg6 45.Ne2 Kg7 46.Nf4 Ra6 47.Ne6+ Kf7
48.Nxc7 Ra2+ 49.Kg1 Rb2 50.c5 Rxb4 51.Kf2 Rb3 52.h4 Ke7 53.g4 Kd7 54.Ne6 
Rd3 55.Nf4 Rc3 56.c6+ Kd6 57.g5 hxg5 58.hxg5 Ke5 59.g6 Kxf4 60.g7 Rg3 61.
c7 1-0

[Event "Xtracon Chess Open 2018"]
[Site "Elsinore"]
[Date "2018.07.22"]
[Round "3"]
[White "Rasmussen, Morten Fredsgaard"]
[Black "Rossen, Claus"]
[Result "1/2-1/2"]
[WhiteElo "1901"]
[BlackElo "2168"]
[EventDate "2018.07.21"]
[WhiteFideId "1410636"]
[BlackFideId "1403222"]

1.d4 Nf6 2.Nf3 g6 3.Bg5 Bg7 4.Nbd2 d5 5.e3 O-O 6.Bd3 b6 7.c3 Bb7 8.O-O 
Nbd7 9.Re1 Ne4 10.Bf4 c5 11.Bxe4 dxe4 12.Ng5 e5 13.dxe5 Nxe5 14.Bxe5 Qxg5 
15.Bxg7 Kxg7 16.Qe2 f5 17.Rad1 Rad8 18.Nb1 Rd3 19.h4 Qd8 20.c4 Rf7 21.Rd2 
Rxd2 22.Qxd2 Qxd2 23.Nxd2 Rd7 24.Nb1 Rd3 25.Rc1 Ba6 26.b3 Kf7 27.Kf1 Ke6 
28.Ke1 Bb7 1/2-1/2

[Event "Xtracon Chess Open 2018"]
[Site "Elsinore"]
[Date "2018.07.22"]
[Round "3"]
[White "Liu, Manli"]
[Black "Nielsen, Carsten Juul"]
[Result "1-0"]
[WhiteElo "2167"]
[BlackElo "1909"]
[EventDate "2018.07.21"]
[WhiteFideId "8608121"]
[BlackFideId "1402242"]

1.e4 e5 2.Nf3 Nc6 3.Bb5 Nge7 4.c3 a6 5.Ba4 d6 6.d4 Bd7 7.Bb3 h6 8.O-O Ng6 
9.Nbd2 Be7 10.Nc4 O-O 11.Ne3 Kh8 12.h3 Na5 13.Bc2 Bb5 14.Re1 Nc4 15.Nf5 
Bd7 16.b3 Nb6 17.a4 Bf6 18.Be3 Nc8 19.Qd2 Bxf5 20.exf5 Nh4 21.Nxh4 Bxh4 
22.Bxh6 Bxf2+ 23.Qxf2 gxh6 24.f6 Rg8 25.Qh4 Qf8 26.dxe5 Rg5 27.e6 fxe6 28.
Rxe6 Re5 29.Re1 Rxe1+ 30.Rxe1 1-0

[Event "Xtracon Chess Open 2018"]
[Site "Elsinore"]
[Date "2018.07.22"]
[Round "3"]
[White "Unneland, Mathias"]
[Black "Ivarsson, Torbjorn"]
[Result "0-1"]
[WhiteElo "1896"]
[BlackElo "2161"]
[EventDate "2018.07.21"]
[WhiteFideId "1525581"]
[BlackFideId "1705865"]

1.d4 e6 2.c4 f5 3.Nf3 d6 4.Nc3 Nf6 5.g3 Be7 6.Qc2 O-O 7.Bg2 Nc6 8.a3 e5 9.
d5 Nb8 10.Ng5 c6 11.Qb3 h6 12.Nh3 c5 13.f3 Na6 14.Qc2 Bd7 15.Rb1 Nc7 16.b4
cxb4 17.axb4 b5 18.Qd3 bxc4 19.Qxc4 a6 20.Nf2 Nb5 21.Nxb5 Bxb5 22.Qb3 Qb6 
23.e4 fxe4 24.fxe4 Rac8 25.Be3 Qb7 26.Bf1 Rc7 27.Ra1 Rfc8 28.Bd2 Bd8 29.
Bh3 Rb8 30.g4 Nh7 31.g5 Bxg5 32.Bxg5 Nxg5 33.Bf5 Bc4 0-1

[Event "Xtracon Chess Open 2018"]
[Site "Elsinore"]
[Date "2018.07.22"]
[Round "3"]
[White "Vesterli, Michael E."]
[Black "Christensen, Tommy"]
[Result "1-0"]
[WhiteElo "2159"]
[BlackElo "1904"]
[EventDate "2018.07.21"]
[WhiteFideId "1417339"]
[BlackFideId "1423266"]

1.d4 Nf6 2.c4 c5 3.d5 b5 4.cxb5 a6 5.bxa6 Bxa6 6.Nc3 d6 7.g3 Nbd7 8.Bg2 g6
9.Nf3 Bg7 10.Rb1 Rb8 11.O-O O-O 12.b3 Ng4 13.Bd2 Qb6 14.a4 Qa7 15.Ne1 Nde5
16.h3 Nh6 17.Nc2 Nf5 18.Kh2 Rfc8 19.f4 c4 20.b4 Nd3 21.Rf3 Nf2 22.Qg1 Bd4 
23.Nxd4 Qxd4 24.Be1 Ne4 25.Qxd4 Nxd4 26.Nxe4 Nxf3+ 27.Bxf3 1-0

[Event "Xtracon Chess Open 2018"]
[Site "Elsinore"]
[Date "2018.07.22"]
[Round "3"]
[White "Brink, Nienke van den"]
[Black "Kunz, Andre"]
[Result "0-1"]
[WhiteElo "1889"]
[BlackElo "2158"]
[EventDate "2018.07.21"]
[WhiteFideId "1452568"]
[BlackFideId "24623652"]

1.e4 c6 2.d4 d5 3.exd5 cxd5 4.c4 Nf6 5.Nc3 Nc6 6.Nf3 Bg4 7.Be2 e6 8.c5 Be7
9.h3 Bh5 10.Bf4 O-O 11.O-O Ne4 12.Rc1 Bf6 13.Nxe4 dxe4 14.Nd2 Bg6 15.Re1 
Qxd4 16.Bd6 e3 17.fxe3 Qxe3+ 18.Kh1 Qh6 19.Bxf8 Rxf8 20.Nf3 Bxb2 21.Rc4 
Rd8 22.Qb3 Bf6 23.Qxb7 Na5 24.Qxa7 Nxc4 25.Bxc4 Qf4 26.Bb5 Qb4 27.Bd7 Be4 
28.a3 Qb7 29.Qxb7 Bxb7 30.c6 Bc8 31.Bxc8 Rxc8 32.Rb1 Kf8 33.Rb6 Ke7 34.Nd2
Bd4 35.Ra6 Kd6 36.Ra4 e5 37.Nf3 Be3 38.Rb4 Rxc6 39.g3 Ra6 40.a4 f5 41.Rb5 
e4 42.Nh4 g6 43.Rb7 Ra7 44.Rb3 Bc5 45.Kg2 Rxa4 46.Rb2 Ke5 47.Rd2 Be7 0-1

[Event "Xtracon Chess Open 2018"]
[Site "Elsinore"]
[Date "2018.07.22"]
[Round "3"]
[White "Kistrup, Nicolai"]
[Black "Shehzad, Shazil"]
[Result "1/2-1/2"]
[WhiteElo "2154"]
[BlackElo "1896"]
[EventDate "2018.07.21"]
[WhiteFideId "1444816"]
[BlackFideId "1521942"]

1.d4 Nf6 2.c4 c5 3.d5 b5 4.cxb5 a6 5.bxa6 g6 6.Nc3 Bg7 7.e4 O-O 8.e5 Ne8 
9.h4 Bxe5 10.Bh6 Bg7 11.Qd2 Nf6 12.h5 Bxa6 13.O-O-O Bxf1 14.Rxf1 e6 15.
hxg6 fxg6 16.Bxg7 Kxg7 17.dxe6 dxe6 18.Qxd8 Rxd8 19.Nf3 h6 20.a3 Nc6 21.
Rd1 e5 22.Rde1 Nd5 1/2-1/2

[Event "Xtracon Chess Open 2018"]
[Site "Elsinore"]
[Date "2018.07.22"]
[Round "3"]
[White "Nilssen, Ellen Fredericia"]
[Black "Kittilsen, Sigurd"]
[Result "1-0"]
[WhiteElo "2152"]
[BlackElo "1893"]
[EventDate "2018.07.21"]
[WhiteFideId "1441230"]
[BlackFideId "1515624"]

1.d4 Nf6 2.c4 e6 3.Nc3 Bb4 4.Qc2 Nc6 5.Nf3 d6 6.Bg5 h6 7.Bd2 O-O 8.a3 Bxc3
9.Bxc3 Qe7 10.e3 a5 11.b3 e5 12.dxe5 dxe5 13.Be2 Bg4 14.O-O Rfe8 15.Rfd1 
Rad8 16.Qb2 Ne4 17.h3 Rxd1+ 18.Bxd1 Nxc3 19.Qxc3 Bh5 20.c5 Rd8 21.b4 axb4 
22.axb4 Bxf3 23.Bxf3 e4 24.Be2 Qe5 25.Qxe5 Nxe5 26.Ra7 Rb8 27.f3 Nc6 28.
Ra4 exf3 29.gxf3 b6 30.b5 Na5 31.c6 Rd8 32.Rd4 Rxd4 33.exd4 Kf8 34.Kf2 Ke7
35.Ke3 Kd6 36.Kd3 Nb3 37.Kc3 Na5 38.Bd3 g5 39.Be4 f6 40.Bf5 Kd5 41.Bh7 Kd6
42.Bg6 Ke6 43.Bh7 Kd6 44.Bg8 Ke7 45.Kd3 f5 46.Ba2 Kf6 47.Ke2 Ke7 48.Kf2 
Kd6 49.f4 Nxc6 50.bxc6 Kxc6 51.Kf3 Kd6 52.Bc4 b5 53.Bxb5 Kd5 54.Bd7 Kxd4 
55.Bxf5 gxf4 56.Kxf4 h5 57.h4 c5 58.Bg6 Kd5 59.Kf5 c4 60.Bxh5 Kd6 61.Kf6 
Kd7 62.Bd1 Ke8 63.Kg7 1-0

[Event "Xtracon Chess Open 2018"]
[Site "Elsinore"]
[Date "2018.07.22"]
[Round "3"]
[White "Thybo, Thomas Sondergaard"]
[Black "Myrheim, Hakon Abeland"]
[Result "1-0"]
[WhiteElo "2146"]
[BlackElo "1888"]
[EventDate "2018.07.21"]
[WhiteFideId "1441299"]
[BlackFideId "1526820"]

1.Nf3 d5 2.g3 Nf6 3.Bg2 e6 4.b3 c5 5.Bb2 Be7 6.O-O O-O 7.Ne5 Nc6 8.f4 Nd7 
9.e3 Ndxe5 10.fxe5 d4 11.exd4 cxd4 12.Qe2 d3 13.Qe3 Qb6 14.Qxb6 axb6 15.c4
Bc5+ 16.Kh1 Nd4 17.Nc3 Nc2 18.Rab1 Bb4 19.a4 Nd4 20.Ba1 Nc2 21.Be4 Nxa1 
22.Rxa1 Rd8 23.Rf3 Bxc3 24.dxc3 d2 25.Rd1 Ra5 26.Re3 Kf8 27.Bf3 Ke7 28.Kg2
f6 29.exf6+ gxf6 30.Kf2 Ra7 31.Ke2 e5 32.Rxd2 Rxd2+ 33.Kxd2 Be6 34.Re4 b5 
35.cxb5 Bxb3 36.b6 Rxa4 37.Rxa4 Bxa4 38.Bxb7 h6 39.Be4 Kd8 40.c4 Bd7 41.c5
Kc8 42.c6 Be6 43.Bd3 f5 44.Ba6+ Kb8 45.c7+ Ka8 46.Bc4 1-0

[Event "Xtracon Chess Open 2018"]
[Site "Elsinore"]
[Date "2018.07.22"]
[Round "3"]
[White "Smeby, Ole"]
[Black "Niese, Holger"]
[Result "0-1"]
[WhiteElo "1887"]
[BlackElo "2140"]
[EventDate "2018.07.21"]
[WhiteFideId "1503677"]
[BlackFideId "4697057"]

1.d4 d5 2.c4 c6 3.e3 Bf5 4.Nf3 e6 5.Bd3 Bxd3 6.Qxd3 Nd7 7.O-O Ngf6 8.Nc3 
Bd6 9.e4 dxe4 10.Nxe4 Nxe4 11.Qxe4 Nf6 12.Qe2 h6 13.Ne5 Qc7 14.Re1 O-O-O 
15.a3 Bxe5 16.dxe5 Nh7 17.Bd2 Rd7 18.Bc3 Rhd8 19.Qc2 Rd3 20.Qa4 Kb8 21.Ba5
b6 22.Bb4 c5 23.Bc3 Qd7 24.Qc2 Nf8 25.a4 a5 26.Qe2 Ng6 27.Qg4 Kc7 28.h4 h5
29.Qe4 Qc6 30.Qxc6+ Kxc6 31.g3 Ne7 32.Kf1 Nf5 33.Ke2 R3d7 34.Rad1 Nd4+ 35.
Kf1 Nf3 36.Rxd7 Rxd7 37.Re2 Rd1+ 38.Kg2 Nd4 39.Rd2 Ra1 40.Bxd4 cxd4 41.
Rxd4 Rxa4 42.Rf4 f5 43.exf6 gxf6 44.Rxf6 Kd6 45.Rf4 Rb4 46.Kh3 Ke5 47.Rf8 
Rxb2 48.g4 hxg4+ 49.Kxg4 Rb4 50.h5 Rxc4+ 51.f4+ Kd6 52.h6 Rc7 53.Rb8 Kc5 
54.Kg5 Rf7 55.Rg8 a4 56.Rg7 Rf5+ 57.Kg4 Rf8 58.h7 Rh8 59.Kg5 b5 60.Kg6 b4 
61.Ra7 b3 62.Kg7 Rxh7+ 63.Kxh7 b2 64.Rb7 a3 65.Kg6 a2 66.Rxb2 a1=Q 0-1

[Event "Xtracon Chess Open 2018"]
[Site "Elsinore"]
[Date "2018.07.22"]
[Round "3"]
[White "Petersen, Peter Birk"]
[Black "Christensen, Verner"]
[Result "1-0"]
[WhiteElo "2128"]
[BlackElo "1886"]
[EventDate "2018.07.21"]
[WhiteFideId "1401696"]
[BlackFideId "1416006"]

1.e4 e5 2.Nf3 Nc6 3.Bb5 f5 4.d3 fxe4 5.dxe4 Nf6 6.O-O d6 7.Qd3 Bd7 8.Nc3 
Qe7 9.a3 O-O-O 10.b4 h6 11.Be3 Kb8 12.Qc4 g5 13.a4 Bg7 14.a5 Qe8 15.Bxc6 
Bxc6 16.b5 Bd7 17.Bxa7+ Kxa7 18.b6+ Ka8 19.a6 cxb6 20.Qc7 1-0

[Event "Xtracon Chess Open 2018"]
[Site "Elsinore"]
[Date "2018.07.22"]
[Round "3"]
[White "Molvig, Henrik"]
[Black "Undheim, Bjarne"]
[Result "1-0"]
[WhiteElo "2121"]
[BlackElo "1878"]
[EventDate "2018.07.21"]
[WhiteFideId "1402625"]
[BlackFideId "1506862"]

1.d4 f5 2.g3 Nf6 3.Bg2 e6 4.Nf3 Be7 5.O-O O-O 6.c4 Nc6 7.d5 exd5 8.cxd5 
Nb8 9.Nd4 Ne8 10.Qc2 Nd6 11.Nc3 c5 12.dxc6 dxc6 13.Rd1 Qe8 14.Qb3+ Qf7 15.
Nd5 Bd8 16.Bf4 Ne4 17.Nc7 Bxc7 18.Bxc7 Na6 19.Bf4 Nac5 20.Qxf7+ Kxf7 21.f3
g5 22.Be3 Nf6 23.Bxg5 Ne6 24.Be3 Nxd4 25.Bxd4 Be6 26.e4 Rfd8 27.b3 Rd7 28.
Bxf6 Kxf6 29.Rxd7 Bxd7 30.Bh3 Re8 31.Rd1 Re7 32.Kf2 Be6 33.exf5 Bxf5 34.
Bxf5 Kxf5 35.Rd4 Kf6 36.f4 Kf7 37.g4 b6 38.Rd6 c5 39.Rc6 Ke8 40.f5 Kf7 41.
Kf3 Ke8 42.g5 Kd7 43.Rh6 b5 44.Ra6 Kd8 45.Rc6 Rc7 46.Rxc7 Kxc7 47.g6 1-0

[Event "Xtracon Chess Open 2018"]
[Site "Elsinore"]
[Date "2018.07.22"]
[Round "3"]
[White "Hansen, Verner"]
[Black "Mai, Aron Thor"]
[Result "0-1"]
[WhiteElo "1876"]
[BlackElo "2119"]
[EventDate "2018.07.21"]
[WhiteFideId "1425285"]
[BlackFideId "2313383"]

1.e4 c6 2.d4 d5 3.Nc3 dxe4 4.Nxe4 Bf5 5.Ng3 Bg6 6.Nf3 e6 7.Bd3 Nf6 8.O-O 
Bd6 9.Re1 Nbd7 10.Ne4 Nxe4 11.Bxe4 Qc7 12.c4 O-O-O 13.c5 Nxc5 14.Bc2 Nd7 
15.Be3 Nb6 16.Rc1 Nd5 17.Ba4 Kb8 18.Qb3 Qb6 19.Qc4 Qb4 20.Bb3 Qxc4 21.Bxc4
Nb6 22.Ne5 Nxc4 23.Nxc4 Bc7 24.Ne5 Rd5 25.f4 Bb6 26.Nf3 Bh5 27.Red1 Bxf3 
28.gxf3 Rhd8 29.f5 Rxf5 30.Kf2 Rfd5 31.Rg1 g6 32.Rg4 c5 33.Rh4 h5 34.Bf4+ 
Ka8 35.Re1 g5 36.dxc5 Bxc5+ 0-1

[Event "Xtracon Chess Open 2018"]
[Site "Elsinore"]
[Date "2018.07.22"]
[Round "3"]
[White "Schwerteck, Michael"]
[Black "Oland, Arne"]
[Result "1-0"]
[WhiteElo "2115"]
[BlackElo "1875"]
[EventDate "2018.07.21"]
[WhiteFideId "4687078"]
[BlackFideId "1422081"]

1.e4 c6 2.d4 d5 3.e5 Bf5 4.h4 h6 5.g4 Bh7 6.e6 Nf6 7.Bf4 fxe6 8.Bd3 Bxd3 
9.Qxd3 Na6 10.Qg6+ Kd7 11.Nf3 Qa5+ 12.Nc3 Nc7 13.Ne5+ Kc8 14.O-O-O Nb5 15.
Nxb5 Qxb5 16.g5 hxg5 17.hxg5 Rxh1 18.Rxh1 c5 19.Qf7 Nh7 20.Qxe6+ Kd8 21.
Nf7+ 1-0

[Event "Xtracon Chess Open 2018"]
[Site "Elsinore"]
[Date "2018.07.22"]
[Round "3"]
[White "Arndt, Uwe"]
[Black "Nielsen, Thomas Bach"]
[Result "1-0"]
[WhiteElo "1873"]
[BlackElo "2111"]
[EventDate "2018.07.21"]
[WhiteFideId "24647713"]
[BlackFideId "1401785"]

1.d4 f5 2.c4 Nf6 3.Nc3 g6 4.g3 Bg7 5.Bg2 O-O 6.Nf3 d6 7.O-O Nc6 8.d5 Ne5 
9.Nxe5 dxe5 10.e4 f4 11.gxf4 exf4 12.e5 Ng4 13.e6 Ne5 14.Be4 Nxc4 15.Qg4 
Nd6 16.Bc2 Nf5 17.Rd1 Nd4 18.Be4 Qd6 19.Rd3 b5 20.Rh3 Rf6 21.Rd3 Rf8 22.
Rh3 Rf6 23.Qh4 h6 24.Rd3 Nc2 25.Rb1 Ba6 26.Rd2 b4 27.Rxc2 bxc3 28.bxc3 Qe5
29.f3 g5 30.Qf2 g4 31.d6 g3 32.hxg3 fxg3 33.Qd4 Qxd4+ 34.cxd4 Re8 35.d7 
Rd8 36.Rxc7 Kf8 37.d5 h5 38.Bg5 1-0

[Event "Xtracon Chess Open 2018"]
[Site "Elsinore"]
[Date "2018.07.22"]
[Round "3"]
[White "Petersen, Steen"]
[Black "Nordin, Eric"]
[Result "1-0"]
[WhiteElo "2111"]
[BlackElo "1872"]
[EventDate "2018.07.21"]
[WhiteFideId "1402706"]
[BlackFideId "1711822"]

1.c4 c5 2.g3 g6 3.Bg2 Nc6 4.Nc3 Bg7 5.Nf3 Nf6 6.d4 cxd4 7.Nxd4 O-O 8.O-O 
Qb6 9.Nc2 d6 10.Rb1 Bd7 11.Nd5 Nxd5 12.cxd5 Ne5 13.h3 Rac8 14.b3 Bb5 15.a4
Be8 16.Be3 Qc7 17.Na3 b6 18.f4 Nd7 19.Nb5 Qb7 20.Nd4 Nf6 21.Nc2 Bd7 22.g4 
Rfd8 23.Nb4 Rc7 24.Bd4 Qc8 25.e4 a5 26.Nd3 Nxg4 27.Bxb6 Rc2 28.Rc1 Rxc1 
29.Qxc1 Qxc1 30.Nxc1 Rb8 31.Bxa5 Ne3 32.Rf3 Nxg2 33.Kxg2 Rc8 34.Nd3 Bd4 
35.Be1 Rc2+ 36.Bf2 Rd2 37.Kg3 Bxf2+ 38.Nxf2 f5 39.Rd3 Rb2 40.e5 dxe5 41.
fxe5 e6 42.d6 g5 43.Rc3 Kf7 44.Nd3 Re2 45.Kf3 Rh2 46.Nf2 f4 47.a5 h5 48.
Rc7 Ke8 49.a6 g4+ 50.hxg4 hxg4+ 51.Nxg4 Rh3+ 52.Kxf4 Rxb3 53.Nf6+ 1-0

[Event "Xtracon Chess Open 2018"]
[Site "Elsinore"]
[Date "2018.07.22"]
[Round "3"]
[White "Rasmussen, Henrik Egede"]
[Black "Johansen, Oivind"]
[Result "0-1"]
[WhiteElo "1871"]
[BlackElo "2105"]
[EventDate "2018.07.21"]
[WhiteFideId "1417800"]
[BlackFideId "1501119"]

1.e4 d5 2.Nc3 d4 3.Nce2 e5 4.Ng3 Be6 5.Nf3 Bd6 6.Bb5+ Nd7 7.O-O f6 8.d3 
Ne7 9.Nh4 c6 10.Bc4 Bxc4 11.dxc4 Qc7 12.Nhf5 Nxf5 13.Nxf5 Bf8 14.f4 g6 15.
Ng3 Bd6 16.f5 O-O-O 17.a3 b5 18.cxb5 cxb5 19.b4 Be7 20.Qd3 Qc4 21.Bd2 Nb6 
22.Qf3 Kb8 23.Rfc1 Rc8 24.Rab1 Na4 25.Qb3 Rc6 26.fxg6 hxg6 27.Qf3 Rhc8 28.
Kh1 Qe6 29.Qd3 Rc4 30.Ne2 Qc6 31.Kg1 a6 32.Qg3 Qxe4 33.Kf1 Rxc2 34.Rxc2 
Qxc2 35.Qe1 Nb6 36.Nxd4 exd4 37.Qg3+ Kb7 38.Rc1 Qf5+ 0-1

[Event "Xtracon Chess Open 2018"]
[Site "Elsinore"]
[Date "2018.07.22"]
[Round "3"]
[White "Koellner, Christof"]
[Black "Sandberg, Martin"]
[Result "1-0"]
[WhiteElo "2105"]
[BlackElo "1865"]
[EventDate "2018.07.21"]
[WhiteFideId "4635787"]
[BlackFideId "1707159"]

1.d4 g6 2.e4 Bg7 3.Nf3 d6 4.c3 Nf6 5.Nbd2 O-O 6.Bc4 Nc6 7.O-O Nd7 8.Re1 e5
9.Nb3 Nb6 10.Bb5 Qe7 11.Bxc6 bxc6 12.dxe5 dxe5 13.Be3 Rd8 14.Qe2 Be6 15.
Na5 Qe8 16.Ng5 Bc8 17.Rad1 Be6 18.b3 f5 19.Rxd8 Rxd8 20.Nb7 Rb8 21.Nxe6 
Qxe6 22.Nc5 Qe7 23.f3 f4 24.Bf2 Rd8 25.Nb7 Rb8 26.Na5 Qe6 27.Rd1 Bf6 28.
Qa6 Rd8 29.Rxd8+ Bxd8 30.Qd3 Be7 31.Kf1 g5 32.h3 Kg7 33.Nb7 h5 34.c4 g4 
35.hxg4 hxg4 36.fxg4 Qxg4 37.a4 Bh4 38.Bxh4 Qxh4 39.a5 Qh1+ 40.Kf2 Qh4+ 
41.Ke2 Qg4+ 42.Kf1 Nd7 43.b4 Nf6 44.Nc5 Kg6 45.Qf3 Qh4 46.Qh3 Qxh3 47.gxh3
Kh5 48.b5 cxb5 49.cxb5 Kh4 50.Kg2 f3+ 51.Kxf3 Kxh3 52.Nd3 Nd7 53.Nb4 Nb8 
54.Ke3 Kg3 55.a6 Kg2 56.Nd5 c6 57.b6 cxd5 58.bxa7 d4+ 59.Ke2 1-0

[Event "Xtracon Chess Open 2018"]
[Site "Elsinore"]
[Date "2018.07.22"]
[Round "3"]
[White "Hjornevik, Knut J"]
[Black "Skjoldager, Per"]
[Result "1/2-1/2"]
[WhiteElo "1860"]
[BlackElo "2104"]
[EventDate "2018.07.21"]
[WhiteFideId "1505157"]
[BlackFideId "1408828"]

1.d4 Nf6 2.c4 e6 3.Nc3 d5 4.Nf3 Be7 5.Bf4 O-O 6.e3 b6 7.cxd5 exd5 8.h3 Bb7
9.Bd3 Nbd7 10.O-O c5 11.Rc1 c4 12.Bb1 a6 13.a4 Rc8 14.Nd2 Bb4 15.Bg5 Qc7 
16.Qc2 Qc6 17.g4 Rfe8 18.f3 Nf8 19.Qf5 Rcd8 20.Bxf6 Qxf6 21.Qxf6 gxf6 22.
Rfe1 Bc6 23.Bc2 Bd6 24.Kf2 b5 25.axb5 axb5 26.Nf1 b4 27.Ba4 bxc3 28.Bxc6 
cxb2 29.Rc2 Bb4 30.Rb1 Re6 31.Rcxb2 Bc3 32.Rc2 Bxd4 33.Bxd5 Rxd5 34.exd4 
Rxd4 35.Rbc1 Rc6 36.Ne3 Ng6 37.Nf5 Rd8 38.Kg3 Ne5 39.Ne7+ Kg7 40.Nxc6 Nxc6
41.Rxc4 Ne5 42.R4c3 Rd7 43.f4 Ng6 44.Rf1 Rd5 45.h4 h5 46.g5 Ne7 47.Ra1 
Nf5+ 48.Kh3 Rd4 49.Rf3 Nd6 50.Ra5 f5 51.Raa3 Ne4 52.Ra6 Rd1 53.Ra2 Rh1+ 
54.Rh2 Rd1 55.Ra2 Rh1+ 1/2-1/2

[Event "Xtracon Chess Open 2018"]
[Site "Elsinore"]
[Date "2018.07.22"]
[Round "3"]
[White "Jensen, Tobias Ilsoe"]
[Black "Tenold, Andreas"]
[Result "1-0"]
[WhiteElo "2102"]
[BlackElo "1865"]
[EventDate "2018.07.21"]
[WhiteFideId "1437127"]
[BlackFideId "1525840"]

1.d4 Nf6 2.c4 e6 3.Nf3 d5 4.Nc3 Bb4 5.cxd5 exd5 6.Bg5 h6 7.Bxf6 Qxf6 8.g3 
O-O 9.Bg2 c5 10.O-O Bxc3 11.bxc3 c4 12.Nd2 Qc6 13.e4 Be6 14.e5 Nd7 15.f4 
Bf5 16.Qf3 Nb6 17.g4 Bd3 18.Rf2 g6 19.f5 Kg7 20.f6+ Kh7 21.Qe3 Na4 22.Rf3 
Rg8 23.Rh3 h5 24.Nf3 1-0

[Event "Xtracon Chess Open 2018"]
[Site "Elsinore"]
[Date "2018.07.22"]
[Round "3"]
[White "Pedersen, Lars Wisler"]
[Black "Klings, Peter"]
[Result "0-1"]
[WhiteElo "1856"]
[BlackElo "2102"]
[EventDate "2018.07.21"]
[WhiteFideId "1417045"]
[BlackFideId "4631234"]

1.e4 c5 2.Nf3 g6 3.Nc3 Bg7 4.d4 cxd4 5.Nxd4 Nc6 6.Be3 Nf6 7.Be2 O-O 8.f3 
d5 9.Nxc6 bxc6 10.exd5 cxd5 11.Bd4 Qd6 12.O-O e5 13.Nb5 Qe7 14.Bxa7 Rxa7 
15.Nxa7 Qxa7+ 16.Kh1 Be6 17.Qd3 Rb8 18.b3 Nd7 19.Rab1 Nc5 20.Qe3 d4 21.Qd2
e4 22.fxe4 Nxe4 23.Qf4 Nc3 24.Rbe1 Nd5 25.Qd2 Ne3 26.Rg1 Qxa2 27.Bd3 Qa7 
28.Ra1 Qc7 29.Qa5 Qf4 30.b4 Be5 31.Qxe5 Qxe5 32.Ra5 Ng4 0-1

[Event "Xtracon Chess Open 2018"]
[Site "Elsinore"]
[Date "2018.07.22"]
[Round "3"]
[White "Mejvik, Jacob"]
[Black "Lunde, Sigmund"]
[Result "1-0"]
[WhiteElo "2099"]
[BlackElo "1863"]
[EventDate "2018.07.21"]
[WhiteFideId "1710621"]
[BlackFideId "1511351"]

1.Nf3 Nf6 2.c4 c5 3.Nc3 d6 4.d4 cxd4 5.Qxd4 Nc6 6.Qd3 g6 7.g3 Bg7 8.Bg2 
O-O 9.O-O Nb4 10.Qd1 Be6 11.a3 Nc6 12.Nd5 Na5 13.Ng5 Nxc4 14.Nxe6 fxe6 15.
Nf4 Qb6 16.Nxe6 Rf7 17.h3 Kh8 18.b3 Na5 19.Rb1 Rc8 20.Be3 Qa6 21.a4 b6 22.
Bd4 Nc6 23.Bxc6 Rxc6 24.Nd8 1-0

[Event "Xtracon Chess Open 2018"]
[Site "Elsinore"]
[Date "2018.07.22"]
[Round "3"]
[White "Jonsson, Olafur Gisli"]
[Black "Besq, Alexander Le"]
[Result "0-1"]
[WhiteElo "1844"]
[BlackElo "2097"]
[EventDate "2018.07.21"]
[WhiteFideId "2302705"]
[BlackFideId "1437089"]

1.e4 c5 2.Nf3 d6 3.d4 cxd4 4.Nxd4 Nf6 5.Nc3 g6 6.Be3 Bg7 7.f3 O-O 8.Qd2 
Nc6 9.Bc4 Bd7 10.O-O-O Rb8 11.h4 b5 12.Nxc6 Bxc6 13.Bd5 b4 14.Ne2 Bxd5 15.
exd5 Qa5 16.Kb1 Rb5 17.c4 bxc3 18.Nxc3 Rb4 19.b3 Rfb8 20.Qb2 Nd7 21.f4 Nc5
22.Bxc5 dxc5 23.Kc2 c4 24.Ra1 Qc5 25.Ne4 cxb3+ 0-1

[Event "Xtracon Chess Open 2018"]
[Site "Elsinore"]
[Date "2018.07.22"]
[Round "3"]
[White "Kizatbay, Abyl"]
[Black "Berg, Margar M."]
[Result "1-0"]
[WhiteElo "2088"]
[BlackElo "1859"]
[EventDate "2018.07.21"]
[WhiteFideId "1521853"]
[BlackFideId "7200021"]

1.e4 c5 2.Nf3 d6 3.Bb5+ Bd7 4.Bxd7+ Nxd7 5.O-O Ngf6 6.Qe2 Qc7 7.c3 g6 8.d4
cxd4 9.cxd4 e6 10.Nc3 a6 11.e5 Ng8 12.d5 Nxe5 13.Nxe5 dxe5 14.dxe6 fxe6 
15.Bg5 Bg7 16.Rac1 Qb6 17.Na4 Qb5 18.Qg4 Ne7 19.Bxe7 Kxe7 20.Rc7+ Kf6 21.
Nc3 h5 22.Ne4# 1-0

[Event "Xtracon Chess Open 2018"]
[Site "Elsinore"]
[Date "2018.07.22"]
[Round "3"]
[White "Bebchuk, Leonid"]
[Black "Kopperberg, Steen"]
[Result "1-0"]
[WhiteElo "2072"]
[BlackElo "1856"]
[EventDate "2018.07.21"]
[WhiteFideId "2803305"]
[BlackFideId "1433768"]

1.e4 e6 2.d4 d5 3.Nd2 dxe4 4.Nxe4 Bd7 5.Nf3 Bc6 6.Bd3 Nd7 7.O-O Ngf6 8.
Nxf6+ Nxf6 9.c3 Bxf3 10.Qxf3 c6 11.Bd2 Bd6 12.c4 a5 13.Rad1 Bb4 14.Be3 Bd6
15.Bc2 O-O 16.Bg5 h6 17.Bh4 Be7 18.Rfe1 Ne8 19.Bg3 Bf6 20.h4 Nd6 21.h5 Re8
22.b3 Nf5 23.Bxf5 exf5 24.Rxe8+ Qxe8 25.d5 cxd5 26.cxd5 Be5 27.Re1 f6 28.
Qxf5 Rd8 29.Qf3 a4 30.Bxe5 fxe5 31.bxa4 Qxa4 32.a3 Qf4 33.Qxf4 exf4 34.Rd1
Kf7 35.Rd4 g5 36.hxg6+ Kxg6 37.d6 Kf5 38.d7 Ke5 39.Rd3 Ke4 40.Rd1 h5 41.
Kh2 f3 42.g3 b5 43.Kh3 Kf5 44.Kh4 Ke4 45.Kxh5 Kf5 46.Rd5+ Ke6 47.Rd3 Ke7 
48.Kg4 Rg8+ 49.Kxf3 Kd8 50.g4 Rg5 51.Kg3 1-0

[Event "Xtracon Chess Open 2018"]
[Site "Elsinore"]
[Date "2018.07.22"]
[Round "3"]
[White "Aase, Olav Idar"]
[Black "Jensen, Thore Nyboe"]
[Result "0-1"]
[WhiteElo "1832"]
[BlackElo "2072"]
[EventDate "2018.07.21"]
[WhiteFideId "1502646"]
[BlackFideId "1405349"]

1.e4 c5 2.Nf3 d6 3.d4 cxd4 4.Nxd4 Nf6 5.Nc3 a6 6.h3 b5 7.g4 Bb7 8.Bg2 e6 
9.a3 Qc7 10.O-O Be7 11.Be3 Nc6 12.Nxc6 Bxc6 13.Bd4 Qb7 14.f3 O-O 15.Rf2 
Rad8 16.g5 Nd7 17.f4 Nc5 18.Qe2 b4 19.axb4 Qxb4 20.Rd1 e5 21.fxe5 dxe5 22.
Bxe5 Rxd1+ 23.Qxd1 Nxe4 24.Bxe4 Bxe4 25.Rf4 Rd8 26.Qe2 Qc5+ 27.Kf1 Bxc2 
28.Qxc2 Qxe5 29.Qf5 Qxf5 30.Rxf5 Rd6 31.h4 Kf8 32.Ra5 Bd8 33.Ra4 a5 34.Ke2
Rb6 35.Nd1 Ke7 36.Kd3 Ke6 37.Re4+ Kd7 38.Kc2 f6 39.gxf6 Rxf6 40.Ne3 g6 41.
Nc4 Rf2+ 42.Kb3 Rh2 43.Ne5+ Kc7 44.Rc4+ Kb7 45.Nc6 Bb6 46.Ka4 Rxb2 47.
Nxa5+ Bxa5 48.Kxa5 Rg2 49.Kb5 h6 50.Rf4 Kc7 51.Kc5 Kd7 52.Kd5 Ke7 53.Ke4 
Rg3 54.Ke5 Rg1 55.Kd5 Ra1 56.Rb4 Kf6 57.Rf4+ Kg7 58.Rb4 g5 59.hxg5 hxg5 
60.Rb6 Re1 61.Rb4 Kg6 62.Re4 Rf1 0-1